000 00538nam a2200181 a 4500
005 20140310183619.0
008 121030s19uu xx 00 eng d
020 _a9789814351409
050 _aHF 5381
_b.Es78 2012
245 _a88 essential secrets for achieving greater success at work /
_cEdited by Shirley Taylor.
260 _aSingapore :
_bMarshall Cavendish Business,
_c2012.
300 _a398 p. :
_c22 cm.
521 _aBSBA
650 _aCareer development
650 _aSuccess
942 _cBK
_2lcc
_kFOR
999 _c25361
_d25361